| 000 | 00733cam a22002411 4500 | ||
|---|---|---|---|
| 001 | gs 22000152 | ||
| 003 | DLC | ||
| 005 | 20260227111326.0 | ||
| 008 | 780920s1922 oku s000 0 eng | ||
| 010 | _ags 22000152 | ||
| 035 | _a(OCoLC)4240552 | ||
| 040 |
_aDLC _cUU _dOCoLC _dDLC |
||
| 042 | _apremarc | ||
| 050 | 0 | 0 |
_aQE153 _b.A3 no. 10 |
| 082 | _a557/.66 | ||
| 100 | 1 |
_aMorgan, George Dillon, _d1894- |
|
| 245 | 1 | 2 |
_aA Siluro-Devonian oil horizon in southern Oklahoma, _cby Geo. D. Morgan. |
| 260 |
_aNorman, _c1922. |
||
| 300 |
_a13p. _bincl.tables. _c23cm. |
||
| 490 | 0 |
_aOklahoma. Geological Survey. Circular _vno. 10 |
|
| 500 | _aResearch and field investigation series. Paper no. 1. | ||
| 650 | 0 |
_aGeology _zOklahoma. |
|
| 999 |
_c26165 _d26165 |
||